Poets of darkness /

Bibliographic Details
Main Author: Goode, James B., 1948-
Format: Book
Language:English
Published: Jackson : published for the University of Mississippi Center for the Study of Southern Culture by the University Press of Mississippi, 1981.
Subjects:

MARC

Tag First Indicator Second Indicator Subfields
LEADER 00000pam a2200000 a 4500
001 in00000075741
005 20151008054838.0
008 810112s1981 msua 00010 engm
010 |a  80029653  
020 |a 0878051333 :  |c $7.95 
035 |a (OCoLC)07206868 
035 |9 AAJ1843AM 
039 0 |a 2  |b 3  |c 3  |d 3  |e 3 
040 |a DLC  |c DLC  |d m.c.  |d TXA  |d UtOrBLW 
049 |a TXAM  |c [1361499] 
050 0 0 |a PS3557.O54  |b P6 
082 0 |a 811/.54  |2 19 
100 1 |a Goode, James B.,  |d 1948- 
245 1 0 |a Poets of darkness /  |c by James B. Goode. 
264 1 |a Jackson :  |b published for the University of Mississippi Center for the Study of Southern Culture by the University Press of Mississippi,  |c 1981. 
300 |a 64 pages :  |b illustrations ;  |c 24 cm. 
336 |a text  |b txt  |2 rdacontent 
337 |a unmediated  |b n  |2 rdamedia 
338 |a volume  |b nc  |2 rdacarrier 
650 0 |a Coal mines and mining  |z Kentucky  |x Poetry. 
651 0 |a Kentucky  |x Poetry. 
999 |a MARS 
999 f f |s ebd54ab3-0c39-3e83-b016-5347219bef11  |i 1679d21a-9364-3e33-bfd7-b37af3beaa28  |t 0 
952 f f |p ric  |a Texas A&M University  |b Rellis Campus  |c Joint Library Facility  |d Remote Storage  |t 0  |e PS3557.O54 P6  |h Library of Congress classification  |i unmediated -- volume  |m A14806192412 
998 f f |a PS3557.O54 P6  |t 0  |l Remote Storage